The Prophecy - Taylor Swift (All Lyrics) - Statistics

General Stats
  • This quiz has been taken 15 times
  • The average score is 272 of 319
Answer Stats
Lyrics % Correct
a
100%
A
100%
an
100%
be
100%
been
100%
but
100%
But
100%
can
100%
Change
100%
change
100%
do
100%
Eve
100%
have
100%
I
100%
if
100%
in
100%
it
100%
I've
100%
knees
100%
like
100%
me
100%
my
100%
on
100%
once
100%
Please
100%
prophecy
100%
Prophecy
100%
speak
100%
the
100%
The
100%
to
100%
To
100%
who
100%
Who
100%
About
91%
at
91%
bitten
91%
company
91%
Don't
91%
got
91%
Just
91%
just
91%
Let
91%
money
91%
of
91%
Oh,
91%
Oh
91%
so
91%
someone
91%
they
91%
want
91%
wants
91%
when
91%
And
82%
and
82%
Feeling
82%
gone
82%
I'm
82%
it's
82%
last
82%
moon
82%
redo
82%
Thought
82%
thought
82%
very
82%
was
82%
wolf
82%
woman
82%
wouldn't
82%
again
73%
around
73%
cursed
73%
drops
73%
even
73%
greater
73%
has
73%
howl
73%
infant
73%
ink
73%
look
73%
looked
73%
No
73%
said
73%
they're
73%
afraid
64%
beg
64%
bottle
64%
Cards
64%
caught
64%
get
64%
Hand
64%
hand
64%
is
64%
lightning
64%
made
64%
mine
64%
out
64%
pen
64%
round
64%
sound
64%
table
64%
tell
64%
throttle
64%
wait
64%
will
64%
with
64%
would've
64%
coin
55%
cool
55%
coven
55%
crumble
55%
fable,
55%
fate
55%
fools
55%
from
55%
Gathered
55%
him
55%
It'll
55%
ok
55%
paperweight
55%
play
55%
Poison
55%
punishment?
55%
sealed
55%
shades
55%
sign
55%
sinking
55%
sky
55%
Slow
55%
soulmates
55%
Spending
55%
statues
55%
unstable
55%
written
55%
faith
45%
guess
45%
home
45%
hope
45%
lesser
45%
lost
45%
Pad
45%
pricked
45%
quicksand
45%
sorceress'
45%
stays
45%
still
45%
blood
36%
dream
36%
greige
36%
wound
36%
No matching quizzes found
Score Distribution
Percent of People with Each Score
Percentile by Number Answered
Your Score History
You have not taken this quiz